00464 2200157 4500001002300000005001700023006001900040008004100059035002600100084001500126100002200141245002600163260003600189300003500225650004600260NBPULOT00000000000587520140710090208.0a ||| | 171130| ||| |  a 0010-071400000000285 a 600 Fir m0 a Muhammad Firdaus00a Manajemen Agribisnis a Jakarta b Bumi Aksara c 2010 a xii, 222 hlm b ilus c 23 cm 0a manajemen, agribisnis, ekonomi pertanian